| 000 | 01366cam a22003617a 4500 | ||
|---|---|---|---|
| 001 | 13908945 | ||
| 003 | OSt | ||
| 005 | 20240223094612.0 | ||
| 008 | 050323s2006 nyua bf 001 0 eng d | ||
| 010 | _a 2005924644 | ||
| 020 | _a0764159135 | ||
| 020 | _a9780764159138 | ||
| 035 | _a(OCoLC)ocm70222324 | ||
| 040 |
_aHT# _cHT# _dBAKER _dOCO _dVP@ _dDLC |
||
| 042 | _alccopycat | ||
| 050 | 0 | 0 |
_aTT298 _b.S6996 2006 |
| 082 | 0 | 0 |
_a748.5028 _222 _bSTA |
| 245 | 0 | 4 |
_aThe stained glass handbook / _cedited by Viv Foster. |
| 250 | _a1st ed. for North America. | ||
| 260 |
_aHauppauge, NY : _bBarron's Educational Series, Inc., _cc2006. |
||
| 300 |
_a223 p. : _bcol. ill. ; _c21 cm. |
||
| 500 | _a"A Quantum book"--T.p. verso. | ||
| 504 | _aIncludes bibliographical references (p. 217-218) and index. | ||
| 650 | 0 |
_aGlass craft _vHandbooks, manuals, etc.. _9121191 |
|
| 650 | 0 |
_aGlass painting and staining _vHandbooks, manuals, etc. _9121192 |
|
| 700 | 1 |
_aFoster, Viv. _9121193 |
|
| 856 | 4 | 2 |
_3Publisher description _uhttp://www.loc.gov/catdir/enhancements/fy0630/2005924644-d.html |
| 906 |
_a7 _bcbc _ccopycat _d2 _encip _f20 _gy-gencatlg |
||
| 942 |
_2ddc _cREF |
||
| 999 |
_c608063 _d608063 |
||